Score 0/21 Timer 03:00
0 Plays Today
Army % Correct
Dragon Army
88.1%
Salamander Army
69.1%
Rat Army
68.6%
Tiger Army
58.4%
Rabbit Army
54.3%
Phoenix Army
48.6%
Asp Army
39.5%
Badger Army
39.2%
Leopard Army
37.9%
Condor Army
34.1%
Scorpion Army
34%
Army % Correct
Griffin Army
33.9%
Flame Army
33.1%
Spider Army
33%
Centipede Army
31.4%
Ferret Army
31.1%
Hound Army
30.6%
Tide Army
30.5%
Wave Army
27.9%
Squirrel Army
27.8%
Manticore Army
27.6%
Remove Ads.
Support Sporcle.
Get the best of Sporcle when you Go Orange. This ad-free experience offers more features, more stats, and more fun while also helping to support Sporcle. Thank you for becoming a member.

You're not logged in!

Compare scores with friends on all Sporcle quizzes.
OR
Log In

Show Comments

Extras

Top Quizzes Today


Score Distribution

Your Account Isn't Verified!

In order to create a playlist on Sporcle, you need to verify the email address you used during registration. Go to your Sporcle Settings to finish the process.

Report this User

Report this user for behavior that violates our Community Guidelines.

Details: